| 000 | 02369cam a22006134i 4500 | ||
|---|---|---|---|
| 003 | PE-LiUPU | ||
| 005 | 20250731170435.0 | ||
| 008 | 150625s1983 ilua r 000 0 eng d | ||
| 035 | _a(Sirsi) a30903 | ||
| 040 |
_aPE-LiUPU _bspa _cPE-LiUPU _dPE-LiUPU _erda |
||
| 049 | _aPRUA | ||
| 082 | 0 | 4 |
_a155.4 _bS83 _221 |
| 100 | 1 |
_aStrommen, _eautor. |
|
| 245 | 1 | 0 |
_aDevelopmental Psychology / _cStrommen. |
| 264 | 1 |
_aIllinois : _bThe Dorsey Press, _c1983. |
|
| 300 |
_a323 páginas : _bilustraciones ; _c24 centímetros |
||
| 336 |
_atext _2rdacontent |
||
| 337 |
_aunmediated _2rdamedia |
||
| 338 |
_avolume _2rdacarrier |
||
| 505 | 0 | _aSchool-aged children: Who are they -- Intelligence as process: piaget's theory -- Intelligence: Test of mental abilities -- Cognition applied: reading and learning -- Chilren and schools -- personality and socialization -- Moral development -- Families -- Friends and peer relationships -- Attitudes, values, and society. | |
| 526 | _aSEG68 | ||
| 526 | _aSEG70 | ||
| 526 | _aSEG69 | ||
| 526 | _aSEG67 | ||
| 526 | _aSEG43 | ||
| 526 | _aP144 | ||
| 526 | _aP143 | ||
| 526 | _aP131 | ||
| 526 | _aP122 | ||
| 526 | _aP120 | ||
| 526 | _aP117 | ||
| 526 | _aP112 | ||
| 526 | _aP110 | ||
| 526 | _aP106 | ||
| 526 | _aP101 | ||
| 526 | _aP80 | ||
| 526 | _aP59 | ||
| 526 | _aP54 | ||
| 526 | _aP35 | ||
| 526 | _aP33 | ||
| 526 | _aP30 | ||
| 650 | 0 | 4 | _aPsicología del desarrollo. |
| 700 | 1 |
_aMcKinney, _eautor. |
|
| 700 | 1 |
_aFitzgerald, _eautor. |
|
| 942 |
_2ddc _cBOOK |
||
| 949 |
_a155.4 S83 _wDEWEY _c1 _i30118 _lCCODEBUL1 _mBUL _p00.00 _r0 _sY _tBOOK _u2015-06-25 _xBIBLIOTECA _zUNKNOWN _0COMPRA _o.STAFF. Colección Ciencias de la Salud |
||
| 949 |
_a155.4 S83 _wDEWEY _c2 _i30117 _lCCODEBUL1 _mBUL _p00.00 _r0 _sY _tBOOK _u2015-06-25 _xBIBLIOTECA _zUNKNOWN _0COMPRA _o.STAFF. Colección Ciencias de la Salud |
||
| 994 |
_aC0 _bPEPRU |
||
| 596 | _a1 | ||
| 999 |
_a155.4 S83 _wDEWEY _c38398 _i30118 _f2021-11-3 _g5 _lCCODEBUL1 _mBUL _p23.00 _r0 _sY _tBOOK _u2015-6-25 _xSALUD _zUNKNOWN _0COMPRA _o.STAFF. Colección Ciencias de la Salud _d38398 |
||
| 999 |
_a155.4 S83 _wDEWEY _c2 _i30117 _f2021-11-3 _g5 _lCCODEBUL1 _mBUL _p23.00 _r0 _sY _tBOOK _u2015-6-25 _xSALUD _zUNKNOWN _0COMPRA _o.STAFF. Colección Ciencias de la Salud |
||
| 980 |
_81 _gALBERTO SANCHEZ Responsable de Automatización |
||